[Event "Groningen"]
[Site "Groningen"]
[Date "1995.??.??"]
[Round "3"]
[White "Van Wely, Loek"]
[Black "Kamsky, Gata"]
[Result "1/2-1/2"]
[WhiteElo "2585"]
[BlackElo "2735"]
[Annotator "Ftacnik,L"]
[PlyCount "62"]
[EventDate "1995.12.??"]
[EventType "tourn"]
[EventRounds "11"]
[EventCountry "NED"]
[EventCategory "17"]
[SourceTitle "CBM 051"]
[Source "ChessBase"]
[SourceDate "1996.04.01"]
[SourceVersion "1"]
[SourceVersionDate "1996.04.01"]
[SourceQuality "1"]

1. d4 Nf6 2. c4 g6 3. Nc3 d5 4. Nf3 Bg7 5. Bf4 c5 6. dxc5 Qa5 7. cxd5 Nxd5 (
7... Ne4 8. Bd2 Nxc3 9. bxc3 Bxc3 10. Rc1 $14) 8. Qxd5 Bxc3+ 9. Bd2 Be6 (9...
Bxd2+ $6 10. Qxd2 Qxc5 11. Rc1 Qf5 12. Nd4 Qd7 13. Qh6 Nc6 14. Nxc6 bxc6 15.
Qg7 $16 {Timman-Littlewood/Holland-England m/}) 10. Qxb7 (10. Bxc3 Qxc3+ 11.
Qd2 Qxc5 (11... Qxd2+ $6 12. Nxd2 Na6 13. e3 Nxc5 14. Bb5+ Bd7 15. Bxd7+ Kxd7
16. O-O $6 (16. Ke2) 16... Rhc8 17. Nf3 Na4 18. Rfd1+ Ke8 19. Rd2 {0-1
Fernandez Lopez,J-Vega Holm,F/Sevilla op (02)/1993 (43)}) 12. Rc1 (12. Qd4 Qxd4
13. Nxd4 Bd7 14. e3 Nc6 15. Nxc6 Bxc6 16. f3 {1/2-1/2 Burkart,P-Schlager,T/
BL2-SW 8889 (1989) ;BL2 1989}) 12... Qb6 13. Ng5 O-O 14. Nxe6 Qxe6 $10) 10...
Bxd2+ 11. Nxd2 O-O 12. b4 (12. e4 $2 Nc6 $1 $17 (12... Nd7 13. c6 Nb6 14. Qa6
Qb4 15. Qb5 Qd4 $44) (12... Rd8 13. b4 Qa4 14. Qxa8 Nc6 15. Qxd8+ $1 Nxd8 16.
b5 $1 $16) 13. Qa6 $1 (13. Qb5 Qc7 14. Qa4 Rfd8 $1 15. Nf3 Rab8 16. Bb5 Ne5 17.
Nxe5 Qxe5 18. O-O Qxc5 {/\ Rb2 -/+}) 13... Qxc5 14. Qb5 Qd6 15. Nc4 Qd4 $1 $19
{0-1 Dreev,A-Epishin,V/USSR/1986/ (26)}) (12. Qxa8 Bd5) 12... Qa4 (12... Qa3
13. Qxa8 Rd8 14. Qe4 Qc3 15. Rd1 Rxd2 16. Rxd2 Qc1+ $10) 13. e3 (13. e4 Nd7 (
13... Rd8 14. Rd1 Nd7 15. c6 Nb6 16. c7 Rd6 17. e5 Rd5 18. Be2 Rc8 19. O-O Qxa2
20. Ba6 Rxd2 21. Rxd2 Qxd2 22. Qxa7 Qxb4 23. Bxc8 Nxc8 {1-0 Chen De-Wu Xibin/
PRC-ch/1987/ (58)}) 14. a3 (14. Qb5 Qa3 15. c6 Nf6 16. Be2 Rad8 17. Rd1 Qc3 18.
f3 Rxd2 19. Rxd2 Rd8 20. Bd3 Ne8 21. Qc5 Rxd3 22. Qxc3 Rxc3 23. b5 Nd6 24. a4 {
1-0 Grigorian,K-Tseshkovsky,V/USSR/1977/ (56)}) (14. Bb5 Qxb4 15. Rb1 Nxc5 16.
Rxb4 Nxb7 17. Bc4 Nc5 18. O-O a5 19. Rb2 Bxc4 20. Nxc4 Nxe4 21. Re1 Nd6 22.
Nxd6 exd6 23. Rd1 Rab8 24. Rbd2 {Schlager,T-Schulze,E/BL2-SW 8889/1989/1/2-1/2
(68)}) 14... Qc2 $1 15. Bb5 (15. c6 $8 Ne5 16. c7 Qc3 (16... Rac8 17. Be2 Rxc7
18. Qb5 Qc3 19. O-O $1 $13) 17. Rd1 Rac8 18. Qxa7 $13) 15... Ne5 $17 {Lehmann,
KH-Ristic,Nen/BRD/1993/}) (13. Qxa8 $2 Nc6 14. Qb7 Rb8 15. Qc7 Rc8 16. Qg3 Nxb4
17. Rc1 Nc2+ 18. Rxc2 (18. Kd1 $2 Ne3+ 19. Ke1 Qd1+ 20. Rxd1 Nc2#) 18... Qxc2
19. e4 Qc1+ 20. Ke2 Rd8 21. Qe3 Bc4+ 22. Kf3 Bxa2 23. Ke2 Qc2 24. g3 Bc4+ 25.
Kf3 Bxf1 $19) 13... Nd7 (13... Rd8 14. Bc4 $1 (14. a3 Qc2 15. Rd1 Bb3 (15...
Bd5 16. Qxe7 Nc6 17. Qf6 Bb3 18. Be2 Ba4 19. Qa1 a5 20. b5 Qxc5 21. bxc6 Bxd1
22. Bxd1 Qxc6 23. Bf3 Qc2 24. Ne4 {1-0 Van Wely,L-Hjelmaas,L/EU-chJ U20 Arnhem/
1989/ (33)}) 16. Be2 Qc3 17. O-O Bxd1 18. Rxd1 Nd7 19. Nf1 Nf6 20. Qxe7 Rxd1
21. Bxd1 Re8 22. Qxa7 Rd8 23. Bf3 Qc4 24. Qe7 {1-0 Giese,R-Mueller,F/Porz op 
(06)/1993/}) 14... Nc6 15. Bxe6 fxe6 16. b5 Na5 17. Qxe7 $16 Rxd2 (17... Qxb5
18. Qxe6+ Kg7 19. Qe7+ Kg8 20. Ne4 Qb4+ 21. Kf1 Qc4+ 22. Kg1 {1-0 Grigore,
G-Rogozenko,D/Odorheiu Secuiesc/1992/ (32)}) 18. Qxe6+ Kg7 19. Qe7+ Kg8 20.
Kxd2 Rf8 21. f4 Nc4+ 22. Kd3 Nb2+ 23. Ke2 Qxb5+ 24. Kf3 Re8 25. Qf6 Nc4 26.
Rad1 $1 {1-0 Grigore,G-Odeev,H/Romania/1994/ (30)}) 14. a3 Rfd8 {The labyrinth
of a sharp variation was surfed safely by both players, for two P white has to
suffer significant lack of the development.} (14... Rad8 15. Qa6 Qc2 16. Qd3
Qxd3 17. Bxd3 Nxc5 18. Bc2 $16) (14... Qc2 15. Qe4 $16) (14... a5 15. Bb5 {
1/2-1/2 Rezsek,G-Berebora,F/HUN-chT 9293/1993/}) 15. Qa6 (15. Bb5 Qc2 16. Qe4
Qxd2+ $1 17. Kxd2 Nxc5+ 18. Qd4 Nb3+) 15... Qc2 16. Qd3 Qa4 (16... Qxd3 17.
Bxd3 Nxc5 18. Bc2 $16) 17. Qc3 (17. Qa6 Qc2 18. Qd3 $10) 17... a5 18. Rc1 axb4
19. axb4 Nf6 {White has not made any progress with his development.} 20. Bc4 (
20. e4 Rab8 21. b5 Nxe4 22. Nxe4 Qxe4+ 23. Qe3 Qb4+ $17) 20... Bxc4 21. Qxc4
Nd5 22. Rb1 Qa2 23. c6 $6 (23. Qxa2 Rxa2 24. Nf3 Rb8 $5 (24... Nxb4 25. O-O)
25. O-O Rxb4 26. Rxb4 Nxb4 $14 {This was the best position, that was in the
cards for white.}) 23... Nxe3 $1 24. Qxa2 Rxa2 25. c7 (25. fxe3 Rdxd2 26. b5
$10) 25... Nc2+ 26. Kd1 Rc8 27. h4 (27. Rc1 $2 Nxb4) 27... Rxc7 28. Rc1 Rd7 29.
Rxc2 Ra1+ 30. Rc1 Ra2 31. Rc2 Ra1+ 1/2-1/2

[Event "Groningen"]
[Site "Groningen"]
[Date "1995.??.??"]
[Round "4"]
[White "Kamsky, Gata"]
[Black "Tiviakov, Sergei"]
[Result "1/2-1/2"]
[WhiteElo "2735"]
[BlackElo "2655"]
[Annotator "Hansen,LB"]
[PlyCount "91"]
[EventDate "1995.12.??"]
[EventType "tourn"]
[EventRounds "11"]
[EventCountry "NED"]
[EventCategory "17"]
[SourceTitle "CBM 051"]
[Source "ChessBase"]
[SourceDate "1996.04.01"]
[SourceVersion "1"]
[SourceVersionDate "1996.04.01"]
[SourceQuality "1"]

1. d4 Nf6 2. c4 e6 3. Nc3 Bb4 4. e3 O-O 5. Bd3 d5 6. Nf3 c5 7. O-O Nc6 8. a3
Bxc3 9. bxc3 dxc4 (9... Qc7 10. cxd5 exd5 11. a4 Re8 12. Ba3 c4 13. Bc2 Ne4 14.
Bxe4 $5 Rxe4 15. Nd2 Rh4 16. g3 Rh6 17. e4 $16 {Kamsky,G-Almasi,Z/Groningen/
1995/}) 10. Bxc4 Qc7 {The old main line!} 11. Bb5 a6 $5 {>< b6} 12. Bd3 e5 13.
Qc2 Re8 14. Nxe5 Nxe5 15. dxe5 Qxe5 16. f3 Bd7 17. Rb1 Bc6 (17... b5 $6 18. c4
$1 $16) 18. Re1 Rad8 19. Bf1 (19. c4 $5) 19... Nd7 20. e4 $14 c4 $5 {>< d4} 21.
Be3 Qe6 22. Rbd1 Ne5 23. Rxd8 (23. Rd4 $5) 23... Rxd8 24. Bd4 Qd6 $1 {>< a3}
25. Ra1 b5 26. Qf2 f6 27. Qe3 Qe6 28. Be2 Re8 29. Re1 Nd7 30. Qf4 Ne5 31. Rd1
Qe7 32. Qc1 Nd7 33. Bf1 (33. a4 $2 f5 $1 $17) 33... Nc5 34. Bf2 Nd7 35. Qb2 Ne5
36. Qb4 Qxb4 37. axb4 $14 Kf7 38. Bb6 g5 $1 39. Kf2 h5 40. Be2 Re7 41. Rd4 Rb7
42. Bd8 Rd7 43. Ke3 Nd3 $5 44. g3 $5 (44. Bxd3 cxd3 $14) 44... Kg6 45. Rxd7
Bxd7 46. h4 1/2-1/2

[Event "Groningen"]
[Site "Groningen"]
[Date "1995.??.??"]
[Round "5"]
[White "Leko, Peter"]
[Black "Kamsky, Gata"]
[Result "1/2-1/2"]
[WhiteElo "2605"]
[BlackElo "2735"]
[Annotator "Leko,P"]
[PlyCount "41"]
[EventDate "1995.12.??"]
[EventType "tourn"]
[EventRounds "11"]
[EventCountry "NED"]
[EventCategory "17"]
[SourceTitle "CBM 051"]
[Source "ChessBase"]
[SourceDate "1996.04.01"]
[SourceVersion "1"]
[SourceVersionDate "1996.04.01"]
[SourceQuality "1"]

1. e4 d5 2. exd5 Nf6 3. d4 Nxd5 4. Nf3 Bg4 5. Be2 e6 6. O-O Be7 $6 (6... Nd7)
7. Ne5 $1 $14 Bxe2 8. Qxe2 O-O 9. Rd1 Nd7 10. c4 N5f6 (10... N5b6 11. Nf3 $1
$14 (11. Bf4 Nxe5 12. dxe5 Qe8 13. Nc3 Qc6 14. b3 Rfd8 $10)) 11. Bf4 c6 12. Nc3
Re8 13. Rd3 (13. d5 $5 exd5 14. cxd5 cxd5 (14... Bd6 15. dxc6 Nxe5 16. Nb5 $14)
(14... Nxe5 15. dxc6 $1) 15. Nxd5 Nxe5 (15... Nxd5 16. Rxd5 Bf6 17. Rad1 Bxe5
18. Bxe5 $16) 16. Nxf6+ Bxf6 17. Rxd8 Raxd8 18. Bxe5 Bxe5 $14) 13... Nf8 14.
Rad1 Qa5 15. a3 Ng6 16. Bg3 Rac8 17. Qf3 $2 (17. h4 $1 Red8 (17... b5 18. cxb5
cxb5 19. h5 Nf8 20. h6 g6 21. Qf3 $16) 18. h5 Nxe5 19. dxe5 Ne8 20. Ne4 $16)
17... Bd6 $1 $10 18. Ng4 (18. Ne4 $5 Bxe5 19. dxe5 Nxe4 20. Qxe4 Qa4 $1 21. f3
b5 $1 $132) 18... Nxg4 19. Bxd6 Nf6 20. Ne4 (20. b4 $6 Qa6 21. c5 Qc4 $1) 20...
Nxe4 21. Qxe4 1/2-1/2

[Event "Groningen"]
[Site "Groningen"]
[Date "1995.??.??"]
[Round "6"]
[White "Kamsky, Gata"]
[Black "Karpov, Anatoly"]
[Result "1/2-1/2"]
[WhiteElo "2735"]
[BlackElo "2775"]
[Annotator "Ftacnik,L"]
[PlyCount "203"]
[EventDate "1995.12.??"]
[EventType "tourn"]
[EventRounds "11"]
[EventCountry "NED"]
[EventCategory "17"]
[SourceTitle "CBM 051"]
[Source "ChessBase"]
[SourceDate "1996.04.01"]
[SourceVersion "1"]
[SourceVersionDate "1996.04.01"]
[SourceQuality "1"]

1. e4 {Hecht} c6 2. d4 d5 3. e5 Bf5 4. Nf3 e6 5. Be2 Ne7 6. O-O Bg6 (6... c5) (
6... Bg4) (6... h6) (6... Nc8) 7. Nbd2 $6 (7. b3 Nf5 8. Ba3 Bxa3 9. Nxa3 Qa5
10. Qc1 O-O 11. c4 Nd7 12. Nc2 dxc4 13. bxc4 b5 14. Ne3 Nb6 15. g4 Ne7 16. Nd2
bxc4 17. Ndxc4 Nxc4 18. Nxc4 Qb4 19. a3 {1/2-1/2 Kouwenhoven,M-Dadikina,A/
WchJW-U18 Bratislava (11)/1993/}) (7. Nh4 Nf5 (7... c5) 8. Nxf5 Bxf5 9. Nd2 h5
10. c3 Nd7 11. Re1 Bg6 12. Nf3 Be7 13. Be3 Be4 14. Nd2 Bg6 15. b4 a5 16. a3 a4
17. c4 dxc4 18. Nxc4 h4 19. Bf3 O-O 20. Rc1 {Jepson,C-Engqvist,T/SVE-ch (10)/
1992/1/2-1/2 (66)}) (7. c4 dxc4 8. Bxc4 Nd7 9. Nc3 Nb6 10. Bb3 {1/2-1/2
Szalanczy,E-Groszpeter,A/Budapest Noviki-B/1987/}) (7. b3 c5 8. c4) (7. c3)
7... c5 (7... Nd7 $5) 8. c4 cxd4 9. Nxd4 (9. cxd5 $4 d3) 9... Nec6 10. N2f3
dxc4 $1 (10... Be7 11. cxd5 Qxd5 {>< Qd5}) 11. Bxc4 Be7 12. Be3 (12. Nb5 $6 O-O
13. Qxd8 Bxd8 14. Bf4 Nd7 15. Rfd1 Nb6 16. Bb3 Na5) 12... O-O 13. Rc1 a6 $1 {
Karpov is excellent in the positions, when he can limit the possibilities of
his opponent.} (13... Na5 14. Qa4 $1 {/\ 15.Rfd1} (14. Be2 Nbc6)) 14. a3 (14.
Bxe6 fxe6 15. Nxe6 Qxd1 16. Rfxd1 Rc8 17. Bb6 Bf5 $5 18. Nc7 Nd7 19. Nxa8 Rxa8
$13) (14. Qa4 Qa5 15. Qb3 Qb4) 14... Qe8 15. Ba2 Kh8 $1 (15... Nxd4 16. Nxd4
Nd7 $2 17. Nxe6 $1 $18) 16. Re1 Nxd4 17. Qxd4 (17. Nxd4 Nd7 18. f4 Nc5 $17)
17... Nc6 18. Qg4 $6 {Kamsky has problems finding a good plan and soon will he
be facing some problems.} (18. Qb6 Qb8 (18... Rb8 19. Bc5 Bxc5 20. Qxc5 $14)
19. Bc5 Bxc5 20. Qxc5 Rd8 $10) 18... Rc8 19. h4 h6 20. Bb6 Nb8 21. Bc7 $6 (21.
h5 $6 Bf5 22. Qf4 Qb5 $1 $36) 21... Qd7 (21... Bf5 22. Qd4 Qb5 23. Bd6 $14 (23.
Bc4 $5)) (21... Nc6 22. Bd6) 22. Ba5 (22. Red1 $2 Rxc7 23. Rxd7 Rxc1+ 24. Kh2
Nxd7 $19) (22. Bd6 Rxc1 $1 23. Rxc1 Bxd6 24. Rd1 Qb5 (24... Bf5 25. Qc4 Rc8 26.
Qf1 Rc6 $17) 25. exd6 Qxb2 26. Bc4 Nd7 $17) (22. Bxb8 $6 Rxc1 23. Rxc1 Rxb8 $15
) 22... Rxc1 23. Rxc1 Rc8 $1 (23... Nc6 $6 24. Bb6) 24. Bc3 (24. Rxc8+ Qxc8 25.
Bc3 Nc6 (25... Bxa3 26. Bxe6 $1)) 24... Nc6 25. Bb3 Bc5 $1 (25... b5 26. Qf4
Qa7 27. Rd1 Bc5 $15) 26. Rd1 Qe7 $6 (26... Qc7 $5) (26... Qc7 $2 27. Bxe6 $1)
27. h5 Bh7 28. Qf4 Qc7 29. Rd2 Kg8 $1 {White will have to suffer due to the
weakness of the e5P.} 30. Kh2 (30. Bc2 Bxc2 31. Rxc2 Rd8 32. Rd2 Ne7 $15) 30...
Rd8 (30... Bxf2 $4 31. Rxf2 Qb6 32. Nd2 $18 (32. Bc2 Qxf2 33. Bxh7+ Kxh7 34.
Ng5+ $18)) (30... Qb6 $5) 31. Bc2 Bxc2 32. Rxc2 Qb6 33. Qh4 Rd5 (33... Rd1 $5
34. b4 Be7 35. Qe4 Qb5 $17) 34. b4 Be7 35. Qe4 Bd8 $1 36. a4 Qc7 37. g3 Qd7 38.
Kg2 Bc7 (38... Ne7 $5 39. Ra2 Bb6 $17) 39. Re2 Ne7 $1 40. Qc4 Bb6 (40... Bb8
41. a5 Qc6 $17 (41... Nc6 $17)) 41. a5 Bc7 42. g4 (42. Rd2 $1 Qc6 (42... Rxd2
43. Bxd2 Bxe5 44. Bxh6 $1 Bxg3 45. Bxg7) 43. Qxc6 Nxc6 44. Rxd5 exd5 45. Kf1
$15) 42... Nc6 43. Re4 Bd8 $1 {xb4} 44. Ne1 $1 Be7 45. Nc2 Nxa5 $1 46. bxa5 Rc5
{Original combination have won the pawn and the rest should be easy for the
great technician.} 47. Qd4 (47. Qb3 $2 Qc6 48. f3 Rxc3 $19) (47. Qb4 Qc6 (47...
Rc7 48. Qb3 Qc6 $17) 48. f3 Rxc3 49. Qxe7 Rxc2+ $17) 47... Qxd4 48. Rxd4 Rxc3 {
Hecht: TS-TL bei einem schwarzen Mehrbauern, guter L vs. starken Defensiv-S,
Lavieren, Gewinnplan für Karpov? - Analyse!} 49. Ne3 (49. Rd7 Bg5 $1 50. Ne1 (
50. Nd4 Rd3) 50... Rc4 51. Kh3 Rb4 52. Nd3 $145) 49... Kf8 (49... Bc5 50. Rd8+
Kh7 51. Kf3 (51. Rd7 Bxe3 52. fxe3 Rxe3 53. Rxf7 Rxe5 54. Rxb7 Rxa5 55. Rb6 e5
56. Re6 Kg8 $19) 51... Bxe3 52. fxe3 Rc7 $19) (49... Bg5 $5) 50. Kf3 (50. Rd7
Rb3 51. Rc7 Bd8 52. Rc8 Ke7 53. Nc4 Kd7) 50... Ke8 51. Ke4 Rb3 $2 (51... Bc5
52. Rc4 (52. Rd2 Bxe3 53. fxe3 Rc4+ 54. Kf3 Rc5 $19) 52... Rxc4+ 53. Nxc4 Bxf2
54. Nd6+ Kd7 55. Nxb7 Be1 56. Nc5+ Kc6 57. Nxa6 Bxa5 58. Kd4 Kb5 59. Nb8 Bb4 $1
60. Nd7 Kc6 61. Nb8+ Kb7 62. Nd7 Kc7 $19) 52. Nc4 Bc5 (52... Rb4 53. Nd6+ Bxd6
54. exd6 Rxd4+ 55. Kxd4 Kd7 56. Kc5 g5 $1 (56... g6 57. g5 $1) 57. Kb6 Kxd6 58.
Kxb7 f5 59. Kxa6 Kc6 60. f3 f4 $1 $19) 53. Rd2 Rb4 54. Kd3 Rb3+ 55. Ke4 Rb4 56.
Kd3 Kd7 57. Kc3+ Ke7 (57... Kc7 58. Rd3 {/\ 59.Rf3}) 58. f3 Rb1 59. Kc2 Rb4 60.
Kc3 Rb5 61. Ra2 f6 $2 {Karpov stumbles at the face of a stiff resistance,
Kamsky is a very tough nut to crack.} (61... Bb4+ 62. Kd4 Rd5+ 63. Ke4 Bc3 $1
64. Ra4 Rd4+ 65. Ke3 Kd8 $19) 62. exf6+ gxf6 63. f4 Bb4+ 64. Kd3 Rd5+ 65. Ke4
Bc3 66. Ke3 Bd4+ 67. Kf3 Rb5 68. Ke4 Ba7 $2 (68... Bc3) 69. Ra3 (69. Kd3 Rb3+
70. Ke4 (70. Kc2 Rg3 71. Rb2 Rg2+ 72. Nd2 Be3) 70... Rc3 71. Ra4 Bc5) 69... f5+
70. gxf5 exf5+ (70... Rxf5 71. Ne5 Rxh5 72. Rb3) 71. Kf3 Ke6 (71... Rb4 72. Rc3
Bd4 $19) 72. Rd3 Bc5 (72... Rb4 $19) (72... Bb8 $19) 73. Rd8 Rb3+ 74. Kg2 Rb4
75. Ne5 Rxf4 76. Nd3 Rg4+ 77. Kf3 Be7 78. Rb8 Rd4 79. Ke3 (79. Ke2 $1 Rd7 80.
Rh8 Bg5 $4 81. Nc5+) 79... Re4+ $6 (79... Rd7 $1 $19) (79... Rd7 80. Nf4+ Kd6
81. Rh8 Bg5 $19) 80. Kf3 Rh4 81. Rxb7 Rh3+ 82. Ke2 Bg5 83. Nc5+ Ke5 84. Nxa6
Rxh5 85. Rb5+ Kf4 86. Rb4+ Kg3 87. Rb3+ Kg4 88. Nc5 Rh2+ 89. Kf1 Ra2 90. Rb4+
Kf3 91. Ra4 $1 Rc2 (91... Rxa4 92. Nxa4 Be3 93. Nc3 h5 94. Ne2 (94. Nd5 $2 Bc5
$19) 94... h4 95. Ng1+ $1 Kg3 96. a6 f4 (96... h3 97. Nxh3 $3 Kxh3 98. Ke2 Ba7
99. Kf3 Bb8 100. a7 Bxa7 101. Kf4 $10) 97. Ne2+ Kf3 98. Nxf4 Kxf4 99. Kg2 $10)
92. Nd3 Bd2 93. Ne1+ Bxe1 94. Kxe1 Rc1+ 95. Kd2 Rc7 96. a6 Ra7 97. Ke1 f4 98.
Kf1 Kg3 99. Ra3+ f3 100. Ra5 Rc7 101. Ra1 {[#]} Ra7 $138 102. Ra5 1/2-1/2

[Event "Groningen"]
[Site "Groningen"]
[Date "1995.??.??"]
[Round "7"]
[White "Sokolov, Ivan"]
[Black "Kamsky, Gata"]
[Result "1/2-1/2"]
[WhiteElo "2630"]
[BlackElo "2735"]
[PlyCount "102"]
[EventDate "1995.12.??"]
[EventType "tourn"]
[EventRounds "11"]
[EventCountry "NED"]
[EventCategory "17"]
[SourceTitle "CBM 051"]
[Source "ChessBase"]
[SourceDate "1996.04.01"]
[SourceVersion "1"]
[SourceVersionDate "1996.04.01"]
[SourceQuality "1"]

1. d4 Nf6 2. c4 e6 3. Nc3 Bb4 4. Qc2 O-O 5. a3 Bxc3+ 6. Qxc3 b6 7. Bg5 Bb7 8.
f3 h6 9. Bh4 d5 10. e3 c5 11. dxc5 bxc5 12. Bxf6 Qxf6 13. Qxf6 gxf6 14. Ne2 Nd7
15. cxd5 Bxd5 16. O-O-O Ne5 17. Nc3 Bb3 18. Rd2 Rfd8 19. Rxd8+ Rxd8 20. Be2 Kf8
21. Rf1 f5 22. e4 f4 23. Rf2 Ke7 24. Bf1 Rg8 25. Kd2 h5 26. Ke1 h4 27. h3 a5
28. Rd2 Bc4 29. Nd1 Bxf1 30. Kxf1 Rb8 31. Rc2 c4 32. Nf2 Kd6 33. Ng4 Nxg4 34.
hxg4 Kc5 35. Kg1 Rb3 36. Kh2 Kd4 37. Kh3 Kd3 38. Rf2 c3 39. bxc3 Rxa3 40. Kxh4
a4 41. Kg5 Rxc3 42. Ra2 a3 43. Kf6 Kc4 44. Kxf7 Kb3 45. Rxa3+ Kxa3 46. g5 Rc2
47. g6 Rxg2 48. g7 Kb4 49. g8=Q Rxg8 50. Kxg8 Kc4 51. Kf7 e5 1/2-1/2

[Event "Groningen"]
[Site "Groningen"]
[Date "1995.??.??"]
[Round "8"]
[White "Kamsky, Gata"]
[Black "Hansen, Curt"]
[Result "1-0"]
[WhiteElo "2735"]
[BlackElo "2635"]
[Annotator "Knaak,R"]
[PlyCount "121"]
[EventDate "1995.12.??"]
[EventType "tourn"]
[EventRounds "11"]
[EventCountry "NED"]
[EventCategory "17"]
[SourceTitle "CBM 051"]
[Source "ChessBase"]
[SourceDate "1996.04.01"]
[SourceVersion "1"]
[SourceVersionDate "1996.04.01"]
[SourceQuality "1"]

1. e4 e6 2. d4 d5 3. Nc3 Bb4 4. e5 c5 5. a3 Bxc3+ 6. bxc3 Qc7 7. Qg4 f5 8. Qh5+
g6 9. Qd1 {Die Q muß c2 verteidigen.} Bd7 10. Nf3 Ba4 11. Bd2 $1 (11. Bd3 $6
cxd4 12. cxd4 Qc3+ 13. Bd2 Qxd3 14. cxd3 Bxd1 15. Kxd1 Nc6 16. Rb1 b6 17. Rc1
Kd7 $15 {Polgar,J-Morovic Fernandez,I/Buenos Aires ;TD 92\05 1992/0-1 (56)})
11... Nd7 (11... cxd4 $2 12. cxd4 Bxc2 (12... Qxc2 13. Bb5+ $18) 13. Bb5+ Nd7
14. Rc1 Rc8 15. Qe2 {/\Ba4} Qd8 16. Ng5 $18) 12. Bd3 c4 {Ich bin kein Freund
von diesem Zug. Schwarz beraubt sich der Möglichkeit, auf der c-Linie Druck zu
machen (der B steht bereits auf a4!). Die Gefahr, daß Weiß mit dxc5 die
Stellung öffnet, erachte ich dagegen als geringer.} (12... h6 {/\ Ne7, 0-0-0,
Kb8, Rc8}) 13. Be2 h6 14. h4 O-O-O {Damit scheidet auch eine mögliche
Aktivität mit b5, a5 und b4 fast aus, doch den K in der Mitte zu lassen, ist
noch weniger empfehlenswert.} 15. Qc1 Nb6 16. Rh3 Be8 17. Rb1 Na4 18. Kf1 Qg7
19. Ng1 a5 20. Bf3 Ne7 21. Ne2 Bc6 22. Rg3 {Weiß hat keineswegs vergessen, daß
seine einzige Möglichkeit, die Stellung zu öffnen, in g2-g4 besteht. Doch
vorher gilt es, die Figuren optimal zu plazieren und g6-g5 zu verhindern.} Rdg8
23. Kg1 b5 24. Nf4 Qf7 25. Nh3 Qf8 26. Be2 Kd7 27. Ra1 Rh7 28. Bf4 Rhh8 29. Qd2
Rh7 30. Re1 Kc8 31. Qc1 Bd7 32. Bd2 Bc6 33. Kh2 Kd7 {Ich finde, mit Bd7 ist
der kritischen Punkt Pe6 besser gedeckt.} 34. Rh1 Rhh8 35. Kg1 Rh7 $6 (35...
Kc7 {/\ Bd7}) 36. Nf4 Rf7 37. Bf3 Rh7 38. Ne2 Rgh8 39. Kf1 Rf7 40. Rgh3 Rhh7
41. Nf4 Rhg7 42. Be2 Rg8 43. g4 $5 {Endlich! Weiß hätte aber durchaus auch
zuvor f2-f3 spielen können.} g5 (43... fxg4 44. Bxg4 Nf5 45. h5 {war eine
spielbare Alternative. Der größere Raum zum Manövrieren gibt Weiß einen
kleinen Vorteil.}) 44. hxg5 hxg5 45. Nxe6 $1 {Natürlich! Sonst würde Schwarz
mit f5-f4 zumachen.} Kxe6 46. Rh6+ Ng6 (46... Rg6 $5 47. gxf5+ {Das schlägt
Kamsky selbst vor.} Rxf5 (47... Kxf5 $2 48. Bxg5 $1 Rxg5 49. Qxg5+ $1 Kxg5 50.
R6h5+ Kg6 51. Rg1#) 48. Rxg6+ Nxg6 49. Bg4 Kd7 (49... Bd7 50. Rh7 $1 $18) 50.
Bxg5 Kc7 51. Qe3 $1 {Kamsky} Rf4 (51... Nb6 52. e6) (51... Kb7) 52. Bxf4 Qxf4
53. Qxf4 Nxf4 54. Rh6 $18) 47. gxf5+ Rxf5 48. Bg4 $18 Kd7 49. R1h5 Kc7 50. Bxf5
Qxf5 51. Rxg5 Qe4 52. Qd1 b4 53. axb4 (53. f3 Rf8 54. Rgxg6 Rxf3+ 55. Kg1 {
ist eine Ausgeburt von Fritz}) 53... axb4 54. cxb4 Qxd4 55. Rg4 Nc3 56. Rxd4
Nxd1 57. b5 Bxb5 58. Ba5+ Kb7 59. Rxd5 Ba6 60. Rd7+ Kb8 61. Rd6 1-0

[Event "Amber-blindfold 05th"]
[Site "Monte Carlo"]
[Date "1996.??.??"]
[Round "7"]
[White "Kamsky, Gata"]
[Black "Xie, Jun"]
[Result "1/2-1/2"]
[WhiteElo "2735"]
[BlackElo "2530"]
[PlyCount "152"]
[EventDate "1996.04.??"]
[EventType "tourn (rapid)"]
[EventRounds "11"]
[EventCountry "MNC"]
[EventCategory "17"]
[SourceTitle "CBM 052 Extra"]
[Source "ChessBase"]
[SourceDate "1996.07.01"]
[SourceVersion "1"]
[SourceVersionDate "1996.07.01"]
[SourceQuality "1"]

1. e4 e5 2. Nf3 Nc6 3. Bb5 a6 4. Ba4 Nf6 5. O-O Be7 6. Re1 b5 7. Bb3 d6 8. c3
O-O 9. d4 Bg4 10. d5 Na5 11. Bc2 c6 12. h3 Bc8 13. dxc6 Qc7 14. Bg5 Be6 15.
Nbd2 h6 16. Bh4 Qxc6 17. Rc1 Nc4 18. b3 Nxd2 19. Qxd2 a5 20. Bd3 Rfe8 21. c4 b4
22. Rcd1 Qb6 23. Bc2 Red8 24. Qd3 Qa7 25. Rd2 Nd7 26. Bxe7 Nc5 27. Bxd8 Nxd3
28. Rxd3 Rxd8 29. Nxe5 Qc5 30. Nf3 a4 31. Red1 axb3 32. axb3 Rd7 33. Rd4 Kf8
34. R4d2 Ke7 35. Nd4 Ra7 36. Nb5 Ra2 37. Nxd6 g6 38. Nb5 Qg5 39. Kf1 Ra1 40.
Rd3 Qe5 41. Nd4 Rxd1+ 42. Rxd1 Kf6 43. Kg1 Qg5 44. Nf3 Qf4 45. e5+ Kg7 46. Nd4
Qxe5 47. Nxe6+ Qxe6 48. Bd3 Qe5 49. Bf1 Qc3 50. Rd3 Qc1 51. g3 f5 52. Re3 Kf6
53. Kg2 Qc2 54. Be2 g5 55. Bf3 f4 56. gxf4 gxf4 57. Re4 Kf5 58. Re7 Qxb3 59. c5
Qg8+ 60. Kh2 Qa2 61. Re2 Qc4 62. c6 b3 63. Kg2 Kf6 64. Re8 b2 65. Rb8 Qc2 66.
c7 Qxc7 67. Rxb2 Ke5 68. Rb7 Qc2 69. Rb6 Qc7 70. Rc6 Qg7+ 71. Kh2 Qa7 72. Rc2
Qb6 73. Re2+ Kf6 74. h4 Qb3 75. Kg2 Qg8+ 76. Kh2 Qb3 1/2-1/2

[Event "Amber-rapid 05th"]
[Site "Monte Carlo"]
[Date "1996.??.??"]
[Round "1"]
[White "Kamsky, Gata"]
[Black "Karpov, Anatoly"]
[Result "0-1"]
[WhiteElo "2735"]
[BlackElo "2770"]
[PlyCount "130"]
[EventDate "1996.04.??"]
[EventType "tourn (rapid)"]
[EventRounds "11"]
[EventCountry "MNC"]
[EventCategory "17"]
[SourceTitle "CBM 052 Extra"]
[Source "ChessBase"]
[SourceDate "1996.07.01"]
[SourceVersion "1"]
[SourceVersionDate "1996.07.01"]
[SourceQuality "1"]

1. e4 e6 2. d4 d5 3. Nc3 dxe4 4. Nxe4 Bd7 5. Nf3 Bc6 6. Bd3 Nd7 7. O-O Ngf6 8.
Ng3 Be7 9. Re1 O-O 10. c3 Re8 11. Bf4 Bd5 12. c4 Bxf3 13. Qxf3 c6 14. Rad1 Nf8
15. Bc2 Qb6 16. b3 Rad8 17. Be3 Qa5 18. a4 Rd7 19. h4 Red8 20. h5 h6 21. Re2
N8h7 22. Red2 Bd6 23. Bxh7+ Kxh7 24. Ne4 Nxe4 25. Qxe4+ Kh8 26. d5 cxd5 27.
cxd5 exd5 28. Qd4 Qb4 29. Qxa7 Qxb3 30. Qd4 Qb4 31. Qxb4 Bxb4 32. Rd3 Ba5 33.
g3 Kh7 34. Kg2 g6 35. hxg6+ Kxg6 36. Bd4 Rc8 37. Be3 Rcd8 38. Bd4 h5 39. Rb1
Ra8 40. Rb5 Bd8 41. Be3 Ra5 42. Rb4 Be7 43. Rb6+ f6 44. Rb5 Rxa4 45. Rbxd5 Rxd5
46. Rxd5 Rb4 47. Rd7 Bf8 48. Rd8 Bg7 49. Rd7 b5 50. Rb7 Rb3 51. Kf3 Bh6 52. Rb8
b4 53. Ke4 Bxe3 54. fxe3 Rb1 55. Rg8+ Kh7 56. Rf8 Kg7 57. Rb8 b3 58. Kf3 b2 59.
Ke4 Kf7 60. Rb6 Ke7 61. Rb7+ Kd6 62. Rb6+ Kc5 63. Rb8 f5+ 64. Ke5 Kc4 65. Rb7
Kd3 0-1